Petua membentuk cinta abadi

Bibliographic Details
Main Author: Mohd. Fadzilah Haji Kamsah, Dato'
Corporate Author: Title
Format: Book
Published: Selangor : PTS Millennia , 2006
Series:Siri hadiah untuk semua
Subjects:

MARC

LEADER 00000cam a2200000 7i4500
001 0000012720
005 20071231.0
008 071231
020 |a 9833372562 
090 0 0 |a 297.5677   |b MOH 
100 1 |a Mohd. Fadzilah Haji Kamsah, Dato' 
245 1 0 |a Petua membentuk cinta abadi   |c Dato' Mohd. Fadzilah Kamsah 
260 |a Selangor :   |b PTS Millennia ,   |c 2006 
440 |a Siri hadiah untuk semua 
650 0 |a Courtship 
650 0 |a Husband and wife 
650 0 |a Islamic stories, Malay 
650 0 |a Love   |x Religious aspects   |x Islam 
650 0 |a Man-women relationship 
710 0 |a Title 
999 |a 0001009614   |b Book   |c Adult Collection   |e Perbadanan Perpustakaan Awam Johor 
999 |a 0001009615   |b Book   |c Adult Collection   |e Perbadanan Perpustakaan Awam Johor 
999 |a 0001009616   |b Book   |c Adult Collection   |e Perbadanan Perpustakaan Awam Johor 
999 |a 0001009617   |b Book   |c Adult Collection   |e Perbadanan Perpustakaan Awam Johor